| 000 | 00504nam a22001697a 4500 | ||
|---|---|---|---|
| 005 | 20260318175549.0 | ||
| 008 | 260318b |||||||| |||| 00| 0 eng d | ||
| 020 | _a9780131441118 | ||
| 050 |
_aHD31 _b.R5647 |
||
| 100 | _aRobbins, Stephen P. | ||
| 245 |
_aManagement _cStephen P. Robbins & Mary Coulter |
||
| 250 | _a8th ed. | ||
| 260 |
_aUpper Saddle River, New Jersey _bPearson/Prentice Hall _c2005 |
||
| 300 |
_axxxi. 608p. _bill. color _c28cm |
||
| 700 | _aCoulter, Mary | ||
| 942 |
_2lcc _cBK _e8th ed. _n0 |
||
| 999 |
_c9112 _d9112 |
||